000 00676nam a2200253Ia 4500
003 OSt
005 20221007110431.0
006 a|||||r|||| 00| 0
007 ta
008 221006b |||||||| |||| 00| 0 eng d
024 _a21,126
037 _cTextual
040 _aLCO
_cLCO
_beng
041 _2eng
_aeng
082 _aY72:(Z), J4
100 _aHoebel E. Adamson
_913513
245 0 _aLaw of Primitive Man
260 _aNew
_bYork Atheneum U.S.A.
_c1954
300 _a357
500 _aA Study in Comparative Legal Dynamics
650 _aPRIMITIVE MAN
_9438062
942 _hY72:(Z), J4
_cTEXL
999 _c1190689
_d1190689